Damagua (Registro nro. 20588)
[ vista simple ]
| 000 -CABECERA | |
|---|---|
| Campo de control | 00988nam a22002657a 4500 |
| 005 - FECHA Y HORA DE LA ULTIMA TRANSACCION | |
| Campo de control | 20191113051632.0 |
| 008 - ELEMENTOS DE LONGITUD FIJA—INFORMACION GENERAL | |
| Campo de control | 191113b xxu||||| |||| 00| 0 spa d |
| 020 ## - ISBN | |
| ISBN | 9789585773790 |
| 040 ## - FUENTE DE CATALOGACIÓN | |
| Agencia catalogadora original | CO-BoIAVH |
| Agencia transcriptora | CO-BoIAVH |
| 041 ## - IDIOMA | |
| Código de idioma para texto/pista de sonido o título separado | Español |
| 044 ## - PAÍS DE PUBLICACIÓN | |
| País de publicación | Colombia |
| 082 ## - NUMERO DE CLASIFICACION DECIMAL DEWEY | |
| Número de clasificación | 307.14068 |
| Número del ítem | V42p |
| 100 ## - ASIENTO PRINCIPAL--NOMBRE PERSONAL | |
| 9 (RLIN) | 101987 |
| Nombre personal | Vargas Porras, Lady |
| 245 ## - MENCION DE TITULO | |
| Título | Damagua |
| Parte restante del título | Plan de manejo de poulsenia armata (Damagua). En tres comunidades indígenas del río Ampora, Alto Baudó - Choco. |
| 260 ## - PUBLICACION, DISTRIBUCION, ETC. (PIE DE IMPRENTA) | |
| Lugar de publicación, distribución, etc. | Chocó: |
| Nombre del editor, distribuidor, etc. | Instituto de Investigaciones Ambientales del Pacífico, |
| Fecha de publicación, distribución, etc. | s.f |
| 300 ## - DESCRIPCION FISICA | |
| Extensión | 75 Páginas: |
| Otros detalles físicos | fotografias, tablas y mapas, |
| Dimensiones | 22 x 22 cm. |
| 650 #0 - ASIENTO SECUNDARIO DE MATERIA - TERMINO TEMATICO | |
| 9 (RLIN) | 101989 |
| Término temático o nombre geográfico como elemento de entrada | Gestión Ambiental |
| Subdivisión geográfica | Alto Baudó, Chocó |
| 650 #0 - ASIENTO SECUNDARIO DE MATERIA - TERMINO TEMATICO | |
| 9 (RLIN) | 5732 |
| Término temático o nombre geográfico como elemento de entrada | Artesanía |
| 650 #0 - ASIENTO SECUNDARIO DE MATERIA - TERMINO TEMATICO | |
| 9 (RLIN) | 101990 |
| Término temático o nombre geográfico como elemento de entrada | Economía Rural |
| 650 #0 - ASIENTO SECUNDARIO DE MATERIA - TERMINO TEMATICO | |
| 9 (RLIN) | 6434 |
| Término temático o nombre geográfico como elemento de entrada | Comunidades indígenas |
| 700 ## - ASIENTO SECUNDARIO - NOMBRE PERSONAL | |
| 9 (RLIN) | 101988 |
| Nombre personal | Valoyes Cardozo, Zulmary |
| 700 ## - ASIENTO SECUNDARIO - NOMBRE PERSONAL | |
| 9 (RLIN) | 83369 |
| Nombre personal | Ramirez Moreno, Giovanny |
| Término de relación | Editor |
| 700 ## - ASIENTO SECUNDARIO - NOMBRE PERSONAL | |
| 9 (RLIN) | 90748 |
| Nombre personal | Klinger Brahan, William |
| Término de relación | Editor |
| 942 ## - ELEMENTOS ADICIONALES (KOHA) | |
| Sistema de clasificación | Dewey Decimal Classification |
| Tipo de ítem | Libro |
| Withdrawn status | Lost status | Sistema de Clasificación | Damaged status | No para préstamo | Colección | Ubicación Permanente | Ubicación actual | Fecha de adquisición | Total Checkouts | Número topográfico | Inventario / Código de Barras | Date last seen | Ejemplar | Price effective from | Forma de adquisición | Tipo de material |
|---|---|---|---|---|---|---|---|---|---|---|---|---|---|---|---|---|
| Dewey Decimal Classification | General | Bogotá | Bogotá | 13/11/2019 | LB-307.14068 V42p | 043782 | 13/11/2019 | Ej.1 | 13/11/2019 | Canje | Libro | |||||
| Dewey Decimal Classification | General | Bogotá | Bogotá | 13/11/2019 | LB-307.14068 V42p | 043783 | 13/11/2019 | Ej.2 | 13/11/2019 | Canje | Libro | |||||
| Dewey Decimal Classification | General | Bogotá | Bogotá | 13/11/2019 | LB-307.14068 V42p | 043784 | 13/11/2019 | Ej.3 | 13/11/2019 | Canje | Libro |